Michigan University to City - Statistics

General Stats
  • This quiz has been taken 95 times
  • The average score is 7 of 11
Answer Stats
Hint Answer % Correct
University of Michigan Ann Arbor
95%
Wayne State Detroit
87%
Western Michigan Kalamazoo
85%
Michigan State East Lansing
79%
Northern Michigan Marquette
68%
Eastern Michigan Ypsilanti
62%
Central Michigan University Mount Pleasant
57%
Michigan Tech Houghton
46%
Lake Superior State Sault Ste. Marie
46%
Ferris State Big Rapids
39%
Hope College Holland
37%
No matching quizzes found
Score Distribution
Percent of People with Each Score
Percentile by Number Answered
Your Score History
You have not taken this quiz